Physics Scientific Knowledge #1 - Statistics

General Stats
  • This quiz has been taken 2,992 times
  • The average score is 14 of 20
Answer Stats
Hint Answer % Correct
The fastest thing in the observable universe Light
93%
Which Scientist came up with the famous equation E = mc^2 Albert Einstein
92%
This is equal to mass x acceleration (m x a) Force
91%
What is the subatomic particle with a negative charge Electron
85%
What is the subatomic particle with a neutral charge Neutron
85%
What is the subatomic particle with a Positive charge Proton
84%
In magnets, what do opposites do Attract
79%
According to the Law of Conservation of Energy, Energy can't be created or destroyed, it can only be _______ Transformed
78%
According to Newtons 1st law, an object at rest will remain at rest unless acted upon. What is this phenomenon? (Hint: begins with the letter I) Inertia
75%
What are the units for frequency Hertz (Hz)
74%
What is the value for acceleration due to gravity 9.8 m/s^2
73%
The units for the above Newtons
72%
The units for Power Watts
68%
What do waves carry Energy
63%
What is the device that consists of a body suspended from a fixed point so that it can swing back and forth under the influence of gravity Pendulum
63%
What waves consist of Perpendicular Electric and Magnetic fields Electromagnetic waves
57%
What device converts Electrical energy into Kinetic/Mechanical energy Motor
46%
What device converts Kinetic/Mechanical energy into Electrical energy Generator
43%
What type of electrical circuit connects along a single electrical path Series Circuit
40%
What device is able to increase and decrease Voltage and Current Transformer
32%
No matching quizzes found
Score Distribution
Percent of People with Each Score
Percentile by Number Answered
Your Score History
You have not taken this quiz